000
00290nam a22001337a 4500
008
181008b xxu||||| |||| 00| 0 eng d
020
_a
080150496
041
_a
eng
080
_a
617
100
_a
5
101
_a
KIR
245
_a
Perioperative Management
_c
Breslow,M.J
942
_2
udc
_c
BK
999
_c
49005
_d
49005